| 000 | 01367nam a2200409 i 4500 | ||
|---|---|---|---|
| 001 | 5147 | ||
| 003 | KOSZ 005 | ||
| 005 | 20201013135649.0 | ||
| 008 | 981030s1987 pl a f |000 0 pol | ||
| 015 | _aPB 1987/5278 | ||
| 020 | _a830107129X | ||
| 035 | _a(OCoLC)830213233 | ||
| 040 |
_aWA N _cWA N _dKOSZ 005/HR |
||
| 041 | 0 | _apol | |
| 046 | _k1987 | ||
| 080 | _a62-043.86 | ||
| 080 | _a(075.8) | ||
| 100 | 1 |
_aŻukowski, Paweł _d(1934- ) _eAutor |
|
| 245 | 1 | 0 |
_aPodstawowe problemy współczesnej techniki i ochrony środowiska. _nCz. 1, _pProblemy współczesnej techniki / _cPaweł Żukowski. |
| 260 |
_aWarszawa ; _aŁódź : _bPańst. Wydaw. Naukowe, _c1987. |
||
| 300 |
_a295 s. : _brys. ; _c24 cm. |
||
| 336 |
_2rdacontent _aTekst _btxt |
||
| 337 |
_2rdamedia _aBez urządzenia pośredniczącego _bn |
||
| 338 |
_2rdacarrier _aWolumin _bnc |
||
| 380 | _aKsiążki | ||
| 380 | _aPublikacje dydaktyczne | ||
| 385 |
_mPoziom nauczania _aSzkoły wyższe |
||
| 388 | _a1901-2000 | ||
| 388 | _a1945-1989 | ||
| 504 | _aBibliogr. s. 289-295. | ||
| 650 | 4 | _aRewolucja naukowo-techniczna. | |
| 658 | _aInżynieria i technika | ||
| 655 | 4 | _aPodręczniki akademickie | |
| 650 | 4 | _aPostęp techniczny | |
| 856 |
_uhttp://koha.tu.koszalin.pl/cgi-bin/koha/opac-detail.pl?biblionumber=5147 _yKatalog online BPK |
||
| 942 |
_2UKD _cKS |
||
| 999 |
_c5147 _d5147 |
||